| 000 | 00878nam a2200253 a 4500 | ||
|---|---|---|---|
| 001 | BRCA_8501 | ||
| 005 | 20190320210318.0 | ||
| 008 | 030616s1999----mx-#######---#000-0#spa-# | ||
| 041 | _aspa | ||
| 044 | _amx | ||
| 050 | 4 |
_aN910.M42 _b.R95 1999 |
|
| 100 | 1 |
_aRuíz Calderón, Ana Paola _921306 |
|
| 245 | 1 | 0 | _aOrganización y difusión de la sala permanente de textiles del Museo Franz Mayer. |
| 260 |
_aCiudad de México _c1999 |
||
| 300 |
_a140 p. _bil. |
||
| 500 | _aLa biblioteca cuenta con 2 ejemplares | ||
| 502 | _aTesina Licenciatura (Licenciado en Diseño Textil) Universidad Iberoamericana | ||
| 610 | 2 | 4 |
_aMuseo Franz Mayer (Ciudad de México) _xColecciones de textiles _921307 |
| 650 | 1 | 4 |
_aTextiles _xMuseografía _921308 |
| 700 | 1 |
_aLavín Soto, Lydia _easesor _921309 |
|
| 700 | 1 |
_aRivero Borrell, Héctor _easesor _92938 |
|
| 902 | _aTES | ||
| 942 |
_2lcc _cTES |
||
| 999 |
_c8167 _d8167 |
||